LEADER 04329nam 2200601 450 001 9910480569903321 005 20210104163950.0 010 $a1-4832-9585-0 010 $a9781483295855 (e-book) 010 $z9780123266514 035 $a(CKB)3710000000200722 035 $a(EBL)1875397 035 $a(SSID)ssj0001413806 035 $a(PQKBManifestationID)12004875 035 $a(PQKBTitleCode)TC0001413806 035 $a(PQKBWorkID)11431246 035 $a(PQKB)11449308 035 $a(MiAaPQ)EBC1875397 035 $a(EXLCZ)993710000000200722 100 $a20141210h19791989 uy 0 101 0 $aeng 135 $aur|n|---||||| 181 $ctxt 182 $cc 183 $acr 200 10$aPrinciples of archaeological stratigraphy /$fEdward C. Harris 205 $a2nd ed. 210 1$aLondon, England :$cAcademic Press,$d1979. 210 4$dİ1989 215 $a1 online resource (185 p.) 300 $aDescription based upon print version of record. 311 $a0-12-326651-3 320 $aIncludes bibliographical references and index. 327 $aFront Cover; Principles of Archaeological Stratigraphy; Copyright Page; Foreword; Acknowledgements; Preface; Table of Contents; Introduction; Chapter 1. The concept of stratigraphy in geology; Steno and sharks' teeth; Correlation of strata; Geological processes; Laws of geological stratigraphy; Chapter 2. The concept of stratigraphy in archaeology; Man-made fossils; Early stratigraphic theories; The Wheeler-Kenyon school; Law of Superposition; Chapter 3. Techniques of archaeological excavation; Strategies of excavation; Processes of excavation 327 $aChapter 4. Early recording methods on excavationsChapter 5. The laws of archaeological stratigraphy; Law of Superposition; Law of Original Horizontality; Law of Original Continuity; Law of Stratigraphical Succession; The Harris Matrix and stratigraphic sequences; Chapter 6. Deposits as units of stratification; Characteristics of stratification; Process of stratification; Deposits and layers; Attributes of deposits; Chapter 7. Interfaces as units of stratification; Horizontal layer interfaces; Upstanding layer interfaces; Horizontal feature interfaces; Vertical feature interfaces 327 $aPeriod interfacesInterfaces of destruction; Chapter 8. Archaeological sections; Early types of sections; Purpose of sections; Types of sections; Drafting archaeological sections; Chapter 9. Archaeological plans; Multiple feature plan; Composite plans; Planning of interfaces of destruction; Single-layer plans; Chapter 10. Correlation, phasing and stratigraphie sequences; Correlation and stratification; Stratigraphic 'phasing'; Stratigraphic sequences; Periodization of stratigraphic sequences; Chapter 11. Stratigraphic sequences and post-excavation analyses 327 $aNon-historical aspects of contained remains'Reversed stratigraphy'; Recording of artefacts; Dating of artefacts and strata; 'Horizontal stratigraphy'; Artefacts and stratigraphic sequences; Chapter 12. An outline for stratigraphic recording on excavations; Glossary of terms used in archaeological stratigraphy; Bibliography; Index 330 $aThis book is the only text devoted entirely to archaeological stratigraphy, a subject of fundamental importance to most studies in archaeology. The first edition appeared in 1979 as a result of the invention, by the author, of the Harris Matrix--a method for analyzing and presenting the stratigraphic sequences of archaeological sites. The method is now widely used in archaeology all over the world.The opening chapters of this edition discuss the historical development of the ideas of archaeological stratigraphy. The central chapters examine the laws and basic concepts of the subject, and the l 606 $aArchaeological geology$xMethodology 606 $aExcavations (Archaeology) 608 $aElectronic books. 615 0$aArchaeological geology$xMethodology. 615 0$aExcavations (Archaeology) 676 $a930.1/028/3 676 $a930.10283 700 $aHarris$b Edward C$g(Edward Cecil),$f1946-$0184244 801 0$bMiAaPQ 801 1$bMiAaPQ 801 2$bMiAaPQ 906 $aBOOK 912 $a9910480569903321 996 $aPrinciples of archaeological stratigraphy$9898361 997 $aUNINA LEADER 04154nam 2200685 a 450 001 9910457399503321 005 20200520144314.0 010 $a1-283-95200-9 010 $a1-78042-773-5 035 $a(CKB)2550000000088967 035 $a(EBL)886954 035 $a(OCoLC)781943676 035 $a(SSID)ssj0000749585 035 $a(PQKBManifestationID)11484594 035 $a(PQKBTitleCode)TC0000749585 035 $a(PQKBWorkID)10736600 035 $a(PQKB)11678429 035 $a(MiAaPQ)EBC886954 035 $a(PPN)197273769 035 $a(Au-PeEL)EBL886954 035 $a(CaPaEBR)ebr10532422 035 $a(CaONFJC)MIL426450 035 $a(EXLCZ)992550000000088967 100 $a20120315d2012 uy 0 101 0 $afre 135 $aur|n|---||||| 181 $ctxt 182 $cc 183 $acr 200 12$aL'Art baroque$b[electronic resource] /$fKlaus Carl et Victoria Charles 210 $aNew York $cParkstone International$d[2012?] 215 $a1 online resource (200 p.) 225 1 $aCollection art of century 300 $aDescription based upon print version of record. 311 $a1-84484-626-1 320 $aIncludes bibliographical references and index. 327 $aSommaire; Introduction; I. L'Art baroque en Italie; L'Architecture et la sculpture; Gian Lorenzo Bernini, dit le Bernin; Les Fontaines romaines; Turin et Venise; La Peinture; Les Carrache et leurs e?le?ves; Michelangelo Merisi da Caravaggio, dit Caravage; Florence et Venise; II. L'Art baroque en France; L'Architecture; La Peinture; La Sculpture; III. L'Art baroque aux Pays-Bas; L'Architecture; La Peinture; Frans Hals et son e?poque; Les E?le?ves de Frans Hals; Rembrandt et son temps; Les E?le?ves de Rembrandt; La Peinture de genre, de paysages et d'animaux et autres natures mortes 327 $aLa Peinture de genreGe?rard Dou; Les E?le?ves de Ge?rard Dou; Jan Vermeer van Delft, dit Johannes Vermeer; La Peinture de paysages; Esaias van de Velde; Jan van Goyen; Salomon et Jacob van Ruisdael; Autres Peintres paysagistes; Les Diffe?rentes Spe?cialite?s; La Peinture dans le sud des Pays-Bas; Pierre Paul Rubens et son e?cole; Anthony van Dyck; La Peinture de genre et de paysage flamande : la famille Bruegel; David Teniers le Jeune et Adriaen Brouwer; IV. L'Art baroque en Espagne; La Peinture; Domenikos Theotokopoulos, dit le Gre?co; Diego Vela?zquez; Bartolome? Esteban Murillo; Francisco de Goya 327 $aV. L'Art baroque en Allemagne, en Angleterre et en AutricheL'Allemagne; Les Mai?tres d'oeuvre et leurs ouvrages; La Peinture; Daniel Nikolaus Chodowiecki; L'Angleterre; Les Mai?tres d'oeuvre et leurs ouvrages; La Peinture; William Hogarth; L'Autriche et la Re?publique tche?que; Les Mai?tres d'oeuvre et les sculpteurs; Le Pont Charles; Bibliographie; NOTES; Index 330 $aLa pe?riode baroque s'e?tend du de?but du XVIIe sie?cle au milieu du XVIIIe sie?cle. Re?ponse des artistes a? l'exigence de grandeur solennelle pro?ne?e par l'E?glise catholique de l'apre?s concile de Trente, l'art baroque, par sa monumentalite? et son emphase, se?duisit les grandes cours europe?ennes. L'architecture est, sans aucun doute, parmi les arts, celui qui laissa le plus de traces dans toute l'Europe, parsemant le continent de magnifiques e?glises et palais baroques, a? la hauteur de la puissance de ses commanditaires. Le Bernin, pour l'e?cole du Sud, et Rubens, pour celle du Nord, repre?sentent a? eux 410 0$aArt of century collection. 606 $aArt, Baroque 606 $aArchitecture, Baroque 606 $aArt, Baroque$vPictorial works 606 $aArchitecture, Baroque$vPictorial works 608 $aElectronic books. 615 0$aArt, Baroque. 615 0$aArchitecture, Baroque. 615 0$aArt, Baroque 615 0$aArchitecture, Baroque 676 $a709.032 700 $aCarl$b Klaus$0945350 701 $aCharles$b Victoria$0597104 801 0$bMiAaPQ 801 1$bMiAaPQ 801 2$bMiAaPQ 906 $aBOOK 912 $a9910457399503321 996 $aL'Art baroque$92491245 997 $aUNINA